[Event "Rio de Janeiro op 3rd"]
[Site "Rio de Janeiro"]
[Date "2024.04.22"]
[Round "1"]
[White "Carvalho, Joao Galetti"]
[Black "Rangel, Daniel"]
[Result "0-1"]
[WhiteElo "1757"]
[BlackElo "2160"]
[PlyCount "58"]
[EventDate "2024.04.22"]
[EventType "swiss"]
[EventRounds "9"]
[EventCountry "BRA"]
[SourceTitle "CB18_2024"]
[SourceDate "2024.05.01"]
[SourceVersion "1"]
[SourceVersionDate "2024.05.01"]
[SourceQuality "2"]

1. e4 c5 2. c3 g6 3. d4 cxd4 4. cxd4 d5 5. e5 Bg7 6. Nc3 Nc6 7. Bb5 Nh6 8. Qa4 Bd7 9. Nxd5 a6 10. Bg5 Nf5 11. Nf3 0-0 12. Be2 Ncxd4 13. Qd1 Nxf3+ 14. Bxf3 Bc6 15. Nc3 Bxf3 16. Qxf3 Nd4 17. Qd3 Qa5 18. Be3 Rfd8 19. Bxd4 Bxe5 20. Qe3 Bxd4 21. Qf3 Bxc3+ 22. Qxc3 Qxc3+ 23. bxc3 Rac8 24. Rb1 Rxc3 25. 0-0 b5 26. Rfe1 e6 27. a4 bxa4 28. Re4 a3 29. Ra4 Rd2 0-1

[Event "BRA-ch U26"]
[Site "Joinville"]
[Date "2023.10.12"]
[Round "5"]
[White "Carvalho, Joao Galetti"]
[Black "Barros, Paulo Henrique Gome"]
[Result "1-0"]
[WhiteElo "1595"]
[BlackElo "1800"]
[PlyCount "126"]
[EventDate "2023.10.09"]
[EventType "swiss"]
[EventRounds "6"]
[EventCountry "BRA"]
[SourceTitle "Mega2024 Update 01"]
[Source "Chessbase"]
[SourceDate "2023.11.12"]
[SourceVersion "1"]
[SourceVersionDate "2023.11.12"]
[SourceQuality "1"]

1. e4 e5 2. Nf3 Nc6 3. Bc4 Nf6 4. Ng5 d5 5. exd5 Nb4 6. Bb5+ Bd7 7. Qe2 c6 8. Qxe5+ Qe7 9. Qxe7+ Bxe7 10. dxc6 Nxc6 11. Nc3 Nd4 12. Bd3 Nh5 13. Nf3 Nxf3+ 14. gxf3 Nf4 15. Bb5 0-0-0 16. Bxd7+ Rxd7 17. d3 Ng2+ 18. Kd1 Nh4 19. f4 Re8 20. Be3 b6 21. Rg1 Bf6 22. Rg3 Rde7 23. Kd2 Nf5 24. Rh3 h6 25. Nd5 Re6 26. Nxf6 Rxf6 27. Re1 Rfe6 28. c3 Kb7 29. Kd1 Rd8 30. Bd2 Rxe1+ 31. Bxe1 Ne7 32. Kc2 Rd6 33. Re3 Nd5 34. Re4 f5 35. Rd4 Kc6 36. Kd2 Rg6 37. c4 Nc7 38. b4 Ne6 39. b5+ Kc7 40. Rd5 Rf6 41. f3 Rf7 42. d4 g6 43. Ke3 Re7 44. Bb4 Rd7 45. Rxd7+ Kxd7 46. d5 Nc7 47. Kd4 a6 48. a4 a5 49. Bf8 h5 50. Ke5 Ke8 51. Bd6 Kd8 52. Bxc7+ Kxc7 53. Ke6 h4 54. h3 Kd8 55. Kd6 Ke8 56. Kc6 Kf7 57. d6 Kf6 58. d7 g5 59. d8Q+ Kf7 60. fxg5 Kg6 61. Qf6+ Kh7 62. g6+ Kh6 63. g7+ Kh7 1-0

[Event "Cinelandia de Andrade Memorial 4th"]
[Site "Cinelandia"]
[Date "2022.08.05"]
[Round "1"]
[White "Reboredo, Maximiano Goncalves"]
[Black "Carvalho, Joao Galetti"]
[Result "0-1"]
[WhiteElo "1964"]
[BlackElo "1465"]
[PlyCount "98"]
[EventDate "2022.08.05"]
[EventType "swiss"]
[EventRounds "5"]
[EventCountry "BRA"]
[SourceTitle "CBM 209 Extra"]
[Source "ChessBase"]
[SourceDate "2022.09.30"]
[SourceVersion "1"]
[SourceVersionDate "2022.09.30"]
[SourceQuality "1"]

1. e4 c5 2. Nf3 e6 3. d4 cxd4 4. Nxd4 Nc6 5. Be3 Qc7 6. Nd2 a6 7. a3 Nf6 8. Be2 Be7 9. 0-0 d5 10. Nxc6 bxc6 11. f3 0-0 12. c4 c5 13. cxd5 exd5 14. exd5 Nxd5 15. Bf2 Bd6 16. h3 Rd8 17. Qc2 Be6 18. Ne4 Nf4 19. Bc4 Bf8 20. Ng5 g6 21. Bxe6 Nxe6 22. Nxe6 fxe6 23. Qe4 Qc8 24. Rac1 a5 25. Rfe1 Rb8 26. Rc2 Rb6 27. Rb1 Rc6 28. b4 axb4 29. axb4 Rd5 30. b5 Rb6 31. Qa4 Qd7 32. Re2 Bg7 33. Be1 Kf7 34. Ba5 Rd4 35. Qb3 c4 36. Qb4 c3 37. Qb3 Rbd6 38. Bxc3 Rd3 39. Rc2 Qc8 40. Qb4 Bxc3 41. Qf4+ Kg7 42. Rbc1 R6d4 43. Qe5+ Kf7 44. Rxc3 Rxc3 45. Ra1 Rc1+ 46. Kh2 Qc7 47. Qxc7+ Rxc7 48. b6 Rb7 49. Ra7 Rxa7 0-1